000 00680nam a2200205Ia 4500
003 GCL
008 140319s9999 xx 000 0 ara d
020 _a7077201977
040 _aGCL /
_cGCL
082 0 4 _a920
_bا ع
100 1 _aمحمد محمد الجوادى
245 1 0 _aالدكتور على ابراهيم : يد من حديد ويد من حرير /
_cمحمد محمد الجوادى
260 _aالقاهرة :
_bالهيئة المصرية العامة للكتاب ،
_c1986
300 _a243 ص ؛
_c12م
490 _aاعلام العرب
_v118
650 0 4 _aالطب
650 0 4 _aالجراحة
650 0 4 _aعلى ابراهيم
942 _2ddc
_cBK
999 _c28510
_d28510